| 000 | 00990nam a2200289 i 4500 | ||
|---|---|---|---|
| 005 | 20230811105852.0 | ||
| 008 | 230808s2019 nyua 001 0 eng d | ||
| 020 | _a9781984623652 | ||
| 040 | _cCSPC | ||
| 050 | 0 | 4 | _aQA39.2 |
| 082 | 0 | 4 |
_a510 _bT413 |
| 245 | 0 | 0 |
_a3GE collection on mathematics : _bdiscrete mathematics. |
| 264 | 1 |
_aNew York : _b3G E-Learning, _c2019. |
|
| 300 |
_a248 pages : _billustrations (some color) ; _c26 cm. |
||
| 336 |
_2rdacontent _atext |
||
| 337 |
_2rdamedia _aunmediated |
||
| 338 |
_2rdacarrier _avolume |
||
| 500 | _aIncludes index. | ||
| 505 | _aSet theory -- Functions and relations -- Automata theory -- Combinatorics -- Algebraic structure -- Logic and proofs. | ||
| 650 | 4 |
_aComputer science _xMathematics. |
|
| 650 | 4 | _aMathematics. | |
| 710 | _a3G E-Learning. | ||
| 940 | _amae | ||
| 942 |
_cBK _2ddc _h510 T413 _kCIR _m2019 _n0 |
||
| 999 |
_c13225 _d13225 |
||